Пространственная организация хозяйства (Запись № 1490232)

Подробности
000 -МАРКЕР
контрольное поле 01665nam0a2200325 4500
001 - ИДЕНТИФИКАТОР ЗАПИСИ
контрольное поле RU\NLR\bibl\1166400
005 - ИДЕНТИФИКАТОР ВЕРСИИ
контрольное поле 20250630112859.0
010 ## - МЕЖДУНАРОДНЫЙ СТАНДАРТНЫЙ НОМЕР КНИГИ (ISBN)
Номер (ISBN) 978-5-02-035367-1
Тираж 800
021 ## - НОМЕР ГОСУДАРСТВЕННОЙ РЕГИСТРАЦИИ
Код страны российская федерация
Номер 2007-75171
Номер Листа государственной регистраци 4044
035 ## - ДРУГИЕ СИСТЕМНЫЕ НОМЕРА
Идентификатор записи (NLR Aleph) 001153112
100 ## - ДАННЫЕ ОБЩЕЙ ОБРАБОТКИ
Данные общей обработки 20071211d2007 |||y0rusy50 ca
101 1# - ЯЗЫК РЕСУРСА
Язык текста, звукозаписи и т.д. русский
Язык оригинала немецкий
102 ## - СТРАНА ПУБЛИКАЦИИ ИЛИ ПРОИЗВОДСТВА
Страна публикации российская федерация
105 ## - ПОЛЕ КОДИРОВАННЫХ ДАННЫХ: ТЕКСТОВЫЕ МАТЕРИАЛЫ, МОНОГРАФИЧЕСКИЕ
Кодированные данные о монографическом текстовом документе a |||||||||
200 1# - ЗАГЛАВИЕ И СВЕДЕНИЯ ОБ ОТВЕТСТВЕННОСТИ
Основное заглавие Пространственная организация хозяйства
Первые сведения об ответственности Август Леш
Последующие сведения об ответственности под ред. акад. А.Г. Гранберга
-- [пер. с нем. В.Н. Стрелецкого
-- Рос. акад. наук, Гос. науч.-исслед. учреждение "Совет по изучению производит. сил"]
210 ## - ПУБЛИКАЦИЯ, РАСПРОСТРАНЕНИЕ И ДР.
Место издания, распространения и т.д. Москва
Имя издателя, распространителя и т. д. Наука
Дата издания, распространения и т.д. 2007
215 ## - ФИЗИЧЕСКАЯ ХАРАКТЕРИСТИКА
Специфическое обозначение материала и объем 662, [1] с., [1] л. портр.
Другие сведения о физической характеристике ил., карт.
Размеры 22
300 ## - ОБЩИЕ ПРИМЕЧАНИЯ
Текст примечания Пер. изд.: Die räumliche ordnung der wirtschaft / dr. habil. August Lösch. - Jena, 1944
320 ## - ПРИМЕЧАНИЯ О НАЛИЧИИ В ДОКУМЕНТЕ БИБЛИОГРАФИИ / УКАЗАТЕЛЯ
Текст примечания Библиогр. в тексте и в подстроч. прим.
453 #0 - ПЕРЕВОД
Встроенное поле 2001#$aDie räumliche ordnung der wirtschaft$fdr. habil. August Lösch
-- 700#1$aLösch$bA.$gAugust$4070
-- 210##$aJena$d1944
Заглавие Die räumliche ordnung der wirtschaft
Автор Lösch, August
606 1# - НАИМЕНОВАНИЕ ТЕМЫ КАК ПРЕДМЕТ
Наименование темы Производительные силы
Тематический подзаголовок Размещение
Системный номер авторитетной/нормативной записи 1372968
Идентификатор авторитетной/нормативной записи RU\NLR\auth\66261648
606 1# - НАИМЕНОВАНИЕ ТЕМЫ КАК ПРЕДМЕТ
Наименование темы Экономическая география
Системный номер авторитетной/нормативной записи 944451
Идентификатор авторитетной/нормативной записи RU\NLR\auth\6631366
686 ## - ИНДЕКСЫ ДРУГИХ КЛАССИФИКАЦИЙ
Индекс У04(0)
700 #1 - ИМЯ ЛИЦА - ПЕРВИЧНАЯ ОТВЕТСТВЕННОСТЬ
Начальный элемент ввода Леш
Часть имени, кроме начального элемента ввода А.
Даты 1906-1945
Расширение инициалов личного имени Август
Код отношения Автор
801 #0 - ИСТОЧНИК ЗАПИСИ
Страна российская федерация
Организация NLR
Дата составления 20071211
Правила каталогизации RCR
801 #1 - ИСТОЧНИК ЗАПИСИ
Страна российская федерация
Организация NLR
Дата составления 20071211
942 ## - ДОПОЛНИТЕЛЬНЫЕ ЭЛЕМЕНТЫ ЗАПИСИ (АБИС)
Тип экземпляра АБИС Книга
980 ## - КОЛЛЕКЦИЯ
Название коллекции Национальная библиография
Экземпляры
Тип экземпляра Дата поступления Источник поступления Библиотека постоянного хранения Библиотека текущего хранения Место хранения Шифр хранения Штрих-код Статус не для выдачи Стоимость
Книга 11.12.2007 Обязательный экземпляр РНБ (Московский) РНБ (Московский) Русский книжный фонд: издания с 1957 года, 9этаж 2007-5/10085 1-683695    
Книга 11.12.2007 Обязательный экземпляр РНБ (Московский) РНБ (Московский) Русский книжный фонд: издания с 1957 года, 9этаж 2007-5/10085 2568869    
Книга 18.12.2007 Покупка РНБ (Московский) РНБ (Московский) Фонд общего зала социально-экономической литературы С1 У04(0)/Л-538 1-327045   435.00
Книга 18.12.2007 Покупка РНБ (Садовая) РНБ (Садовая) Универсальный читальный зал У У04/Л-538 1-119516   435.00